[Event "LAT-ch"]
[Site "Riga"]
[Date "2019.05.03"]
[Round "6"]
[White "Indricans, Olgerts"]
[Black "Polyakov, Fedor"]
[Result "1-0"]
[WhiteElo "2115"]
[BlackElo "2092"]
[PlyCount "61"]
[EventDate "2019.04.29"]
[EventType "swiss"]
[EventRounds "9"]
[EventCountry "LAT"]
[SourceTitle "CBM 190 Extra"]
[Source "ChessBase"]
[SourceDate "2019.07.15"]
[SourceVersion "1"]
[SourceVersionDate "2019.07.15"]
[SourceQuality "1"]

1. e4 c5 2. Nf3 Nc6 3. Bb5 g6 4. Bxc6 bxc6 5. 0-0 Bg7 6. Re1 Nf6 7. e5 Nd5 8. c4 Nc7 9. d4 cxd4 10. Qxd4 0-0 11. Qh4 f6 12. Nc3 Ne6 13. Ne4 fxe5 14. Neg5 Nxg5 15. Bxg5 Rf5 16. Bxe7 Qb6 17. Rab1 d5 18. c5 Qb7 19. Bd6 Bf6 20. Qa4 e4 21. Nd4 Bxd4 22. Qxd4 Qg7 23. Qa4 Qb7 24. b4 Qa6 25. Qb3 Qd3 26. Qb2 Rf7 27. a4 Bf5 28. Ra1 a5 29. b5 Rb7 30. Red1 Qc4 31. Rd4 1-0

[Event "LAT-ch"]
[Site "Riga"]
[Date "2019.05.01"]
[Round "3"]
[White "Polyakov, Fedor"]
[Black "Stasans, Aivars"]
[Result "1/2-1/2"]
[WhiteElo "2092"]
[BlackElo "2008"]
[PlyCount "90"]
[EventDate "2019.04.29"]
[EventType "swiss"]
[EventRounds "9"]
[EventCountry "LAT"]
[SourceTitle "CBM 190 Extra"]
[Source "ChessBase"]
[SourceDate "2019.07.15"]
[SourceVersion "1"]
[SourceVersionDate "2019.07.15"]
[SourceQuality "1"]

1. d4 Nf6 2. c4 e6 3. Nf3 Bb4+ 4. Bd2 c5 5. e3 b6 6. Bd3 Bb7 7. 0-0 Bxd2 8. Nbxd2 cxd4 9. Nxd4 0-0 10. e4 d6 11. b4 Nc6 12. Nxc6 Bxc6 13. Qc2 Rc8 14. Rac1 Ng4 15. Nf3 Qf6 16. Rfd1 Ne5 17. Be2 Nxf3+ 18. Bxf3 Rfd8 19. Rd2 Qe5 20. Rcd1 f5 21. Rd4 Bxe4 22. Bxe4 fxe4 23. Rxe4 Qf5 24. Qe2 e5 25. Rd5 h6 26. f3 Rd7 27. Qd1 Rcd8 28. Qd2 Kf7 29. Kf2 Ke7 30. Qe3 g5 31. Ke2 Kf6 32. h4 Kg6 33. Kd2 Rc8 34. g3 Rcd8 35. hxg5 hxg5 36. f4 Rh8 37. Kc3 Rh2 38. fxe5 dxe5 39. Rxd7 Qxd7 40. Rxe5 Qd8 41. Qe4+ Kg7 42. Rd5 Qf6+ 43. Qe5 Qxe5+ 44. Rxe5 Kf6 45. Re1 Rxa2 1/2-1/2

[Event "Rilton Cup 48th"]
[Site "Stockholm"]
[Date "2018.12.31"]
[Round "5"]
[White "Sapale, Saloni"]
[Black "Polyakov, Fedor"]
[Result "1/2-1/2"]
[WhiteElo "2187"]
[BlackElo "2078"]
[PlyCount "112"]
[EventDate "2018.12.27"]
[EventType "swiss"]
[EventRounds "9"]
[EventCountry "SWE"]
[SourceTitle "CBM 188 Extra"]
[Source "ChessBase"]
[SourceDate "2019.02.28"]
[SourceVersion "1"]
[SourceVersionDate "2019.02.28"]
[SourceQuality "1"]

1. e4 c5 2. Nf3 Nc6 3. d4 cxd4 4. Nxd4 Nf6 5. Nc3 e5 6. Ndb5 d6 7. Bg5 a6 8. Na3 b5 9. Nd5 Be7 10. Bxf6 Bxf6 11. c4 b4 12. Nc2 Rb8 13. b3 0-0 14. g3 g6 15. Qd3 Bg7 16. Nde3 Nd4 17. Bg2 f5 18. Nxd4 exd4 19. Nc2 Bb7 20. 0-0 fxe4 21. Bxe4 Bxe4 22. Qxe4 d3 23. Nd4 Qb6 24. Nc6 Rbe8 25. Qd5+ Kh8 26. Rad1 Rf5 27. Qg2 Rc5 28. Ne7 Ra5 29. Nd5 Qc5 30. a4 bxa3 31. b4 Qxc4 32. bxa5 a2 33. Nb6 Qb5 34. Qd5 Qxd5 35. Nxd5 Rb8 36. Nb6 Bc3 37. Na4 Bd4 38. Nb6 Bc3 39. Rxd3 a1Q 40. Rxa1 Bxa1 41. Nc4 Rb5 42. Ra3 Be5 43. Kg2 Kg7 44. f4 Bb2 45. Ra2 Bc3 46. Nxd6 Rxa5 47. Rc2 Bb4 48. Rc7+ Kf8 49. Ne4 Be7 50. Kf3 Ra2 51. h3 Ra3+ 52. Rc3 a5 53. g4 Kf7 54. Rxa3 Bxa3 55. Nc3 Bb4 56. Na4 Ke6 1/2-1/2

[Event "Rilton Cup 48th"]
[Site "Stockholm"]
[Date "2018.12.29"]
[Round "3"]
[White "Larsen, Karsten"]
[Black "Polyakov, Fedor"]
[Result "1-0"]
[WhiteElo "2256"]
[BlackElo "2078"]
[PlyCount "95"]
[EventDate "2018.12.27"]
[EventType "swiss"]
[EventRounds "9"]
[EventCountry "SWE"]
[SourceTitle "CBM 188 Extra"]
[Source "ChessBase"]
[SourceDate "2019.02.28"]
[SourceVersion "1"]
[SourceVersionDate "2019.02.28"]
[SourceQuality "1"]

1. e4 c5 2. Nf3 Nc6 3. Bb5 g6 4. 0-0 Bg7 5. Re1 Nf6 6. e5 Nd5 7. Nc3 Nc7 8. Bxc6 dxc6 9. Ne4 Ne6 10. d3 0-0 11. Be3 Nd4 12. Nxc5 Nxf3+ 13. Qxf3 Bxe5 14. Bh6 Bg7 15. Bxg7 Kxg7 16. Qe3 b6 17. Nb3 Re8 18. d4 Ba6 19. Nd2 Qd5 20. Nf3 c5 21. dxc5 Qxc5 22. Qxc5 bxc5 23. Rad1 e6 24. Rd6 Bc4 25. Ne5 Bxa2 26. Rd7 Rf8 27. Ra1 Bd5 28. c4 Be4 29. f3 Bf5 30. Raxa7 Rxa7 31. Rxa7 Kg8 32. g4 Bc2 33. g5 h6 34. h4 hxg5 35. hxg5 Rb8 36. Nd7 Rc8 37. Kf2 Bb3 38. Ne5 Rd8 39. Rc7 Rd2+ 40. Ke3 Rg2 41. Kf4 Rxb2 42. Rxc5 Ba4 43. Rc8+ Kg7 44. Ra8 Rb4 45. Ke3 Bb3 46. Ng4 Rxc4 47. Nf6 Rc3+ 48. Kf2 1-0

[Event "Wch U18"]
[Site "Porto Carras"]
[Date "2018.10.26"]
[Round "7"]
[White "Banzea, Alexandru Bogdan"]
[Black "Polyakov, Fedor"]
[Result "1-0"]
[WhiteElo "2313"]
[BlackElo "2036"]
[PlyCount "59"]
[EventDate "2018.10.20"]
[EventType "swiss"]
[EventRounds "11"]
[EventCountry "GRE"]
[SourceTitle "CBM 187 Extra"]
[Source "ChessBase"]
[SourceDate "2018.11.04"]
[SourceVersion "1"]
[SourceVersionDate "2018.11.04"]
[SourceQuality "1"]

1. e4 c5 2. Nf3 Nc6 3. Bb5 g6 4. Bxc6 bxc6 5. d4 Bg7 6. dxc5 Qa5+ 7. Nbd2 Ba6 8. Rb1 Qxa2 9. b4 Bb5 10. Rb3 Nf6 11. Ra3 Qe6 12. c4 Nxe4 13. Qe2 Bc3 14. Rxc3 Nxc3 15. Qxe6 dxe6 16. Bb2 Ba4 17. Bxc3 0-0 18. Ke2 Rfd8 19. Ra1 Bc2 20. Nd4 Bd3+ 21. Ke3 Bf5 22. Ne4 Bxe4 23. Kxe4 Rdc8 24. Ra6 g5 25. Nxc6 f5+ 26. Ke5 Kf7 27. Nd4 Rd8 28. Nxe6 Rd3 29. Nxg5+ Kg7 30. Bd4 1-0

[Event "Wch U18"]
[Site "Porto Carras"]
[Date "2018.10.24"]
[Round "6"]
[White "Polyakov, Fedor"]
[Black "Pantzar, Milton"]
[Result "0-1"]
[WhiteElo "2036"]
[BlackElo "2326"]
[PlyCount "124"]
[EventDate "2018.10.20"]
[EventType "swiss"]
[EventRounds "11"]
[EventCountry "GRE"]
[SourceTitle "CBM 187 Extra"]
[Source "ChessBase"]
[SourceDate "2018.11.04"]
[SourceVersion "1"]
[SourceVersionDate "2018.11.04"]
[SourceQuality "1"]

1. d4 d6 2. c4 e5 3. d5 f5 4. e4 fxe4 5. Nc3 Nf6 6. Bg5 Be7 7. Bxf6 gxf6 8. Qh5+ Kf8 9. Nxe4 f5 10. Nc3 Kg7 11. f3 Qe8 12. Qh3 f4 13. g4 h5 14. 0-0-0 hxg4 15. Qg2 Qg6 16. Bd3 Qh6 17. Nge2 Qh3 18. Qxh3 Rxh3 19. fxg4 Na6 20. Ne4 Bd7 21. Ng1 Re3 22. h3 Rh8 23. Rh2 Nb4 24. Bb1 Nxa2+ 25. Kd2 Nb4 26. Rf1 Rb3 27. Kc1 Nd3+ 28. Bxd3 Rxd3 29. Rf3 Rd4 30. Nd2 e4 31. Rc3 f3 32. Nb3 Bf6 33. Nxf3 exf3 34. Nxd4 Bxd4 35. Rxf3 Be5 36. Rhf2 Be8 37. Kc2 Bg6+ 38. Kb3 a6 39. Rf1 Bd4 40. Re1 Be5 41. Ref1 Be4 42. Rf7+ Kg6 43. Rxc7 Rxh3+ 44. Ka4 b5+ 45. cxb5 axb5+ 46. Kb4 Bxd5 47. Kxb5 Rb3+ 48. Ka5 Rxb2 49. Rd1 Bf3 50. Rf1 Bxg4 51. Rg1 Kf5 52. Rc8 Be2 53. Rg2 Ke4 54. Rg6 Kd5 55. Rg5 Bd3 56. Rc1 Be4 57. Re1 Bd3 58. Rh5 Rb1 59. Re3 Bc4 60. Rg5 Kc5 61. Rexe5+ dxe5 62. Rxe5+ Bd5 0-1

[Event "Wch U18"]
[Site "Porto Carras"]
[Date "2018.10.22"]
[Round "4"]
[White "Kouskoutis, Georgios Alexandros"]
[Black "Polyakov, Fedor"]
[Result "0-1"]
[WhiteElo "2296"]
[BlackElo "2036"]
[PlyCount "124"]
[EventDate "2018.10.20"]
[EventType "swiss"]
[EventRounds "11"]
[EventCountry "GRE"]
[SourceTitle "CBM 187 Extra"]
[Source "ChessBase"]
[SourceDate "2018.11.04"]
[SourceVersion "1"]
[SourceVersionDate "2018.11.04"]
[SourceQuality "1"]

1. e4 c5 2. Nf3 Nc6 3. d4 cxd4 4. Nxd4 Nf6 5. Nc3 e5 6. Ndb5 d6 7. Bg5 a6 8. Na3 b5 9. Nd5 Be7 10. Bxf6 Bxf6 11. c3 Bg5 12. Nc2 0-0 13. h4 Bh6 14. g3 Ne7 15. Bh3 Nxd5 16. Qxd5 Bxh3 17. Rxh3 Qd7 18. Rh2 Qg4 19. Qd3 f5 20. exf5 Rae8 21. Qe2 Qxf5 22. g4 Qf4 23. Rh3 g6 24. Ne3 Qe4 25. g5 Bg7 26. Rd1 Rf4 27. Rxd6 Ref8 28. Rh2 Qb1+ 29. Rd1 Qxa2 30. Nd5 R4f7 31. h5 e4 32. hxg6 hxg6 33. Qxe4 Qxb2 34. Qe6 Bxc3+ 35. Kf1 Kg7 36. Qe3 Be5 37. Rg2 Rf3 38. Qc5 R8f7 39. Kg1 Qe2 40. Rf1 Qc4 41. Qxc4 bxc4 42. Rg4 c3 43. Re4 R7f5 44. Kg2 Rd3 45. Ne3 Rxg5+ 46. Kf3 Bd4 47. Rc1 Bxe3 48. fxe3 Rh5 49. Re6 Rh3+ 50. Kf4 Kf7 51. Rxa6 Rdxe3 52. Rc6 Rhf3+ 53. Kg4 Rg3+ 54. Kf4 Kg7 55. Rc8 Ref3+ 56. Ke4 Kh6 57. Rh1+ Kg5 58. Rc6 Rf4+ 59. Ke5 Re3+ 60. Kd5 Kf5 61. Rc8 Re5+ 62. Kd6 Rd4+ 0-1

[Event "Wch U18"]
[Site "Porto Carras"]
[Date "2018.10.20"]
[Round "1"]
[White "Polyakov, Fedor"]
[Black "Agmanov, Zhandos"]
[Result "0-1"]
[WhiteElo "2036"]
[BlackElo "2354"]
[PlyCount "90"]
[EventDate "2018.10.20"]
[EventType "swiss"]
[EventRounds "11"]
[EventCountry "GRE"]
[SourceTitle "CBM 187 Extra"]
[Source "ChessBase"]
[SourceDate "2018.11.04"]
[SourceVersion "1"]
[SourceVersionDate "2018.11.04"]
[SourceQuality "1"]

1. d4 Nf6 2. c4 e6 3. a3 d5 4. Nc3 c5 5. e3 cxd4 6. exd4 Be7 7. Nf3 0-0 8. Bd3 dxc4 9. Bxc4 a6 10. d5 b5 11. Ba2 exd5 12. Nxd5 Bb7 13. Nxe7+ Qxe7+ 14. Qe2 Re8 15. Qxe7 Rxe7+ 16. Be3 Nbd7 17. 0-0 Bxf3 18. gxf3 Ne5 19. Kg2 Ng6 20. Bb1 Nd5 21. Be4 Nxe3+ 22. fxe3 Rae8 23. Kf2 Ne5 24. h3 Nc4 25. a4 g6 26. axb5 axb5 27. Rfd1 Nxb2 28. Rdb1 Nc4 29. Bc6 Rd8 30. e4 Rd2+ 31. Kg3 Ne3 32. Bxb5 Rg2+ 33. Kf4 Nc2 34. Ra6 Kg7 35. e5 Nd4 36. Bf1 Rc2 37. Ke3 Nf5+ 38. Kf4 Rd2 39. Ra4 h6 40. Re4 h5 41. Ba6 Ra7 42. Bc4 Rh2 43. Bf1 Rf2 44. e6 Kf6 45. h4 Rh2 0-1

[Event "LAT-chT"]
[Site "Riga"]
[Date "2018.09.09"]
[Round "7.3"]
[White "Tronenkovs, Valdis"]
[Black "Polyakov, Fedor"]
[Result "1-0"]
[WhiteElo "2305"]
[BlackElo "2043"]
[PlyCount "149"]
[EventDate "2018.06.09"]
[EventType "team-tourn"]
[EventRounds "11"]
[EventCountry "LAT"]
[SourceTitle "EXT 2019"]
[Source "ChessBase"]
[SourceDate "2018.10.10"]
[SourceVersion "1"]
[SourceVersionDate "2018.10.10"]
[SourceQuality "1"]
[WhiteTeam "Riga Technical Univ"]
[BlackTeam "Rigas Saha School"]
[WhiteTeamCountry "LAT"]
[BlackTeamCountry "LAT"]

1. e4 c5 2. Ne2 Nc6 3. Nbc3 Nf6 4. d4 cxd4 5. Nxd4 e5 6. Ndb5 h6 7. Nd5 Nxd5 8. exd5 a6 9. Nc3 Nd4 10. Ne2 Nf5 11. Ng3 Nxg3 12. hxg3 Bc5 13. Qf3 Qb6 14. Bd3 d6 15. c3 a5 16. Rb1 Bd7 17. g4 0-0-0 18. 0-0 Rdf8 19. b4 axb4 20. Ba3 h5 21. Bf5 Bxf5 22. gxf5 g5 23. Bxb4 g4 24. Qd3 g3 25. Bxc5 Qxc5 26. Rb5 gxf2+ 27. Rxf2 Qa7 28. Qc4+ Kb8 29. Qb4 Kc7 30. Kf1 Rb8 31. Rb2 b6 32. a4 Kd7 33. Qh4 Qc7 34. c4 e4 35. Qxe4 Rhe8 36. Qd4 Rg8 37. R2b4 Rg4 38. Qf6 Ke8 39. Qh8+ Ke7 40. f6+ Kd7 41. Qxh5 Rf4+ 42. Kg1 Rxf6 43. Qg4+ Kd8 44. Qg8+ Kd7 45. Qg4+ Kd8 46. Qe4 Kd7 47. Qd4 Rg6 48. Rxb6 Rxb6 49. Qxb6 Rg8 50. Qxc7+ Kxc7 51. Kf2 Re8 52. Kf3 f5 53. g3 Re1 54. a5 Ra1 55. Rb5 Rf1+ 56. Ke3 Rg1 57. Kf4 Rf1+ 58. Kg5 Rg1 59. Rb3 Rc1 60. Kxf5 Rxc4 61. Ra3 Rd4 62. Ke6 Re4+ 63. Kf6 Kb7 64. Rb3+ Ka6 65. Rb6+ Kxa5 66. Rxd6 Rg4 67. Rc6 Rxg3 68. d6 Kb5 69. Rc1 Rd3 70. Ke7 Kb6 71. d7 Re3+ 72. Kd8 Ra3 73. Rd1 Kc6 74. Ke7 Re3+ 75. Kf6 1-0

[Event "Riga Tech op 8th"]
[Site "Riga"]
[Date "2018.08.06"]
[Round "1"]
[White "Polyakov, Fedor"]
[Black "Bernotas, Arturs"]
[Result "0-1"]
[WhiteElo "2126"]
[BlackElo "2406"]
[PlyCount "121"]
[EventDate "2018.08.06"]
[EventType "swiss"]
[EventRounds "9"]
[EventCountry "LAT"]
[SourceTitle "CBM 185 Extra"]
[Source "ChessBase"]
[SourceDate "2018.07.29"]
[SourceVersion "1"]
[SourceVersionDate "2018.07.29"]
[SourceQuality "1"]

1. d4 Nf6 2. c4 e6 3. a3 d5 4. Nc3 c5 5. e3 cxd4 6. exd4 Be7 7. Nf3 0-0 8. Bd3 b6 9. 0-0 Ba6 10. cxd5 Bxd3 11. Qxd3 Nxd5 12. Qe4 Nc6 13. Nxd5 exd5 14. Qd3 Bf6 15. Bf4 Re8 16. Rfe1 Qd7 17. Be5 Be7 18. Rac1 Rac8 19. b4 Bf8 20. h3 f6 21. Bf4 Ne7 22. Rxc8 Rxc8 23. Rc1 Rxc1+ 24. Bxc1 Qc6 25. Bd2 b5 26. Ne1 Nc8 27. Qc3 Qxc3 28. Bxc3 Nb6 29. Nc2 g6 30. Bd2 Bd6 31. Kf1 Nc4 32. Ke2 Kf7 33. Bc1 Ke6 34. Kf3 Bf8 35. Ne1 Kd7 36. Nc2 Kc6 37. Ke2 Bd6 38. Kf3 Kd7 39. Bf4 Bf8 40. Bb8 a6 41. Bf4 Ke6 42. Bc1 h5 43. g4 Nd6 44. Ne1 Nc4 45. Nd3 hxg4+ 46. hxg4 g5 47. Ne1 Be7 48. Nc2 Bd6 49. Ne1 Bc7 50. Nc2 Bb6 51. Kg3 Kf7 52. Kf3 Nd6 53. Ke2 Ke6 54. f3 Bd8 55. Na1 a5 56. Nc2 Nc4 57. Ne3 Bb6 58. Nc2 Bc7 59. Ne1 Bd6 60. Nc2 a4 61. Ne1 0-1

[Event "Pardubice Czech op-A 29th"]
[Site "Pardubice"]
[Date "2018.07.25"]
[Round "6"]
[White "Biriukov, Nikolai"]
[Black "Polyakov, Fedor"]
[Result "1-0"]
[WhiteElo "2398"]
[BlackElo "2165"]
[PlyCount "115"]
[EventDate "2018.07.20"]
[EventType "swiss"]
[EventRounds "9"]
[EventCountry "CZE"]
[SourceTitle "CBM 185 Extra"]
[Source "ChessBase"]
[SourceDate "2018.07.29"]
[SourceVersion "1"]
[SourceVersionDate "2018.07.29"]
[SourceQuality "1"]

1. Nf3 c5 2. e4 Nc6 3. b3 d6 4. Bb2 Nf6 5. Nc3 g6 6. Bb5 e5 7. 0-0 Bg7 8. Bxc6+ bxc6 9. d3 0-0 10. Nd2 Nh5 11. Ne2 Bh6 12. Nc4 f5 13. exf5 gxf5 14. f4 Bxf4 15. Nxf4 Nxf4 16. Rxf4 exf4 17. Qd2 d5 18. Qxf4 d4 19. Qg3+ Kh8 20. Qe5+ Qf6 21. Qxc5 Rd8 22. Re1 Rd5 23. Re8+ Kg7 24. Qb4 c5 25. Qa5 Kf7 26. Re1 Bd7 27. Bc1 Re8 28. Rxe8 Bxe8 29. Qxa7+ Kg8 30. Qb8 Qe6 31. Kf2 Qe7 32. Qg3+ Bg6 33. Bg5 Qe8 34. Bf4 Rd7 35. Bd6 Rg7 36. Qe5 Qxe5 37. Nxe5 Ra7 38. a4 Bh5 39. Bxc5 Rc7 40. b4 Bd1 41. a5 Bxc2 42. a6 Ba4 43. a7 Rc8 44. Kg3 Kg7 45. Bxd4 Ra8 46. Kf4 Kf6 47. Bc5 h6 48. g3 Ke6 49. d4 Rg8 50. h3 Bb5 51. Ng6 Ra8 52. Nh4 Bd3 53. Ng2 Re8 54. Ne3 Rg8 55. d5+ Kf6 56. Bd6 Ba6 57. Nxf5 Bb7 58. Be5+ 1-0

[Event "Pardubice Czech op-A 29th"]
[Site "Pardubice"]
[Date "2018.07.23"]
[Round "4"]
[White "Polyakov, Fedor"]
[Black "Cerveny, Martin"]
[Result "0-1"]
[WhiteElo "2165"]
[BlackElo "2359"]
[PlyCount "74"]
[EventDate "2018.07.20"]
[EventType "swiss"]
[EventRounds "9"]
[EventCountry "CZE"]
[SourceTitle "CBM 185 Extra"]
[Source "ChessBase"]
[SourceDate "2018.07.29"]
[SourceVersion "1"]
[SourceVersionDate "2018.07.29"]
[SourceQuality "1"]

1. d4 d6 2. c4 e5 3. d5 f5 4. Nc3 Nf6 5. Bg5 Be7 6. Bxf6 Bxf6 7. e4 Na6 8. Bd3 Nc5 9. Bc2 a5 10. a3 0-0 11. Nf3 g6 12. 0-0 Bg7 13. b4 Nxe4 14. Nxe4 fxe4 15. Bxe4 Bg4 16. Rb1 axb4 17. axb4 Rf4 18. Qd3 Qe7 19. c5 Ra2 20. cxd6 cxd6 21. Ra1 Bxf3 22. Rxa2 Bxe4 23. Ra8+ Bf8 24. Qd2 Qf7 25. Rd1 Rg4 26. f3 Qxf3 27. g3 Qh1+ 28. Kf2 Qxh2+ 29. Kf1 Qh3+ 30. Ke2 Qg2+ 31. Ke1 Qg1+ 32. Ke2 Bf3+ 33. Kxf3 Qxg3+ 34. Ke2 Qg2+ 35. Kd3 Qe4+ 36. Kc3 Qxb4+ 37. Kd3 Qc4+ 0-1

[Event "Pardubice Czech op-A 29th"]
[Site "Pardubice"]
[Date "2018.07.22"]
[Round "3"]
[White "Kucza, Karol"]
[Black "Polyakov, Fedor"]
[Result "1-0"]
[WhiteElo "2308"]
[BlackElo "2165"]
[PlyCount "150"]
[EventDate "2018.07.20"]
[EventType "swiss"]
[EventRounds "9"]
[EventCountry "CZE"]
[SourceTitle "CBM 185 Extra"]
[Source "ChessBase"]
[SourceDate "2018.07.29"]
[SourceVersion "1"]
[SourceVersionDate "2018.07.29"]
[SourceQuality "1"]

1. e4 c5 2. Nf3 Nc6 3. d4 cxd4 4. Nxd4 Nf6 5. Nc3 e5 6. Ndb5 h6 7. Nd5 Nxd5 8. exd5 a6 9. Nc3 Nd4 10. Bd3 d6 11. 0-0 Be7 12. f4 0-0 13. f5 Bg5 14. Bxg5 Qxg5 15. f6 g6 16. Ne4 Qe3+ 17. Kh1 Bf5 18. Re1 Qf4 19. c3 Nb5 20. a4 Nc7 21. Rf1 Qg4 22. Nxd6 Qxd1 23. Raxd1 Bg4 24. Rde1 Rad8 25. Nxb7 Rxd5 26. Be4 Rd2 27. b4 Be6 28. Rd1 Ra2 29. Nc5 Bc4 30. Bd3 Bxd3 31. Rxd3 e4 32. Rd7 Ne6 33. Nxe6 fxe6 34. h4 Rf7 35. Re7 Rxa4 36. Re8+ Rf8 37. Rxe6 Ra3 38. c4 Rb3 39. Rb6 e3 40. Kg1 Kf7 41. c5 e2 42. Re1 Re8 43. Kf2 Rb2 44. g3 g5 45. hxg5 hxg5 46. c6 Kxf6 47. c7+ Kf7 48. Rxa6 Rxb4 49. Rc6 Rc8 50. Rxe2 Rb7 51. Rec2 Rb3 52. R2c3 Rb4 53. R6c4 Rb5 54. Kf3 Ke6 55. Kg4 Ra5 56. Rc5 Raa8 57. Kxg5 Rg8+ 58. Kh4 Rac8 59. g4 Rg7 60. g5 Kd6 61. Rc6+ Ke5 62. Kg4 Rf7 63. g6 Rf1 64. Kg5 Rg1+ 65. Kh6 Rh1+ 66. Kg7 Rhh8 67. R3c5+ Kf4 68. Rd6 Rce8 69. Rd4+ Ke3 70. Rd8 Rhg8+ 71. Kf6 Rgf8+ 72. Kg5 Rxd8 73. cxd8Q Rxd8 74. g7 Rd1 75. Kg6 Rg1+ 1-0

[Event "LAT-ch"]
[Site "Riga"]
[Date "2018.05.05"]
[Round "8"]
[White "Polyakov, Fedor"]
[Black "Krustkalns, Kristaps"]
[Result "1/2-1/2"]
[WhiteElo "2143"]
[BlackElo "2216"]
[PlyCount "78"]
[EventDate "2018.04.30"]
[EventType "swiss"]
[EventRounds "9"]
[EventCountry "LAT"]
[SourceTitle "CBM 184 Extra"]
[Source "ChessBase"]
[SourceDate "2018.06.28"]
[SourceVersion "1"]
[SourceVersionDate "2018.06.28"]
[SourceQuality "1"]

1. d4 f5 2. c4 Nf6 3. Nc3 g6 4. g3 Bg7 5. Bg2 0-0 6. Nf3 d6 7. 0-0 Qe8 8. e4 Nxe4 9. Nxe4 fxe4 10. Ng5 Nc6 11. Be3 e5 12. d5 Ne7 13. Nxe4 b6 14. b4 a5 15. c5 bxc5 16. bxc5 Nf5 17. cxd6 cxd6 18. g4 Nxe3 19. fxe3 Rxf1+ 20. Bxf1 Qe7 21. Bg2 Bh6 22. Qf3 Rb8 23. Qg3 Bg5 24. Nxg5 Qxg5 25. h3 h5 26. Rf1 hxg4 27. Qf2 Qe7 28. hxg4 Bxg4 29. Be4 Rf8 30. Qxf8+ Qxf8 31. Rxf8+ Kxf8 32. Bxg6 Kg7 33. Bc2 Kf6 34. Kf2 Ke7 35. e4 Kd7 36. Ke3 Kc7 37. Kd2 Kb6 38. Bd3 Kc5 39. Kc3 Bd1 1/2-1/2

[Event "LAT-ch"]
[Site "Riga"]
[Date "2018.04.30"]
[Round "1"]
[White "Bernotas, Arturs"]
[Black "Polyakov, Fedor"]
[Result "1/2-1/2"]
[WhiteElo "2431"]
[BlackElo "2143"]
[PlyCount "40"]
[EventDate "2018.04.30"]
[EventType "swiss"]
[EventRounds "9"]
[EventCountry "LAT"]
[SourceTitle "CBM 184 Extra"]
[Source "ChessBase"]
[SourceDate "2018.06.28"]
[SourceVersion "1"]
[SourceVersionDate "2018.06.28"]
[SourceQuality "1"]

1. e4 c5 2. Nf3 Nc6 3. Bb5 g6 4. c3 Bg7 5. d4 cxd4 6. cxd4 Qb6 7. Nc3 Nxd4 8. Nd5 Nxf3+ 9. Qxf3 Qd6 10. Bf4 Be5 11. Bxe5 Qxe5 12. Rc1 Kf8 13. 0-0 Nf6 14. Nxf6 Qxb5 15. Nd5 Qxb2 16. Qf4 d6 17. Rc7 Be6 18. Qh6+ Qg7 19. Qe3 Bxd5 20. exd5 Qe5 1/2-1/2

[Event "Jurmala Termo Eko Cup 12th"]
[Site "Jurmala"]
[Date "2018.02.18"]
[Round "7"]
[White "Polyakov, Fedor"]
[Black "Stabulnieks, Klavs"]
[Result "0-1"]
[WhiteElo "2051"]
[BlackElo "2181"]
[PlyCount "96"]
[EventDate "2018.02.14"]
[EventType "swiss"]
[EventRounds "7"]
[EventCountry "LAT"]
[SourceTitle "CBM 182 Extra"]
[Source "ChessBase"]
[SourceDate "2018.02.23"]
[SourceVersion "1"]
[SourceVersionDate "2018.02.23"]
[SourceQuality "1"]

1. d4 Nf6 2. c4 g6 3. Nc3 Bg7 4. Nf3 d6 5. g3 0-0 6. Bg2 Nc6 7. 0-0 Bf5 8. Nh4 Bd7 9. e4 e5 10. d5 Nd4 11. Be3 Re8 12. Ne2 c5 13. dxc6 Nxe2+ 14. Qxe2 bxc6 15. Rfd1 Bg4 16. Bf3 Bxf3 17. Qxf3 Qe7 18. Bg5 h6 19. Bxf6 Bxf6 20. Ng2 Qe6 21. Ne3 Kg7 22. Qg4 Rad8 23. Rd3 Bg5 24. Qxe6 Rxe6 25. Rad1 Bxe3 26. Rxe3 f5 27. f3 Kf6 28. Rb3 Re7 29. Ra3 Ke6 30. Ra6 Rc7 31. b4 Rdd7 32. Kf2 fxe4 33. fxe4 Rd8 34. Ke3 Rdd7 35. Rd2 Rd8 36. a4 Rdd7 37. Rd3 Ke7 38. h3 Ke6 39. a5 Ke7 40. b5 cxb5 41. cxb5 Rc5 42. Rb3 Rb7 43. b6 axb6 44. Raxb6 Rxb6 45. axb6 Rc8 46. b7 Rb8 47. Kd3 Kd7 48. Kc4 Kc6 0-1

[Event "EU-ch rapid"]
[Site "Katowice"]
[Date "2017.12.16"]
[Round "2"]
[White "Miezis, Normunds"]
[Black "Polyakov, Fedor"]
[Result "1-0"]
[WhiteElo "2434"]
[BlackElo "2051"]
[PlyCount "57"]
[EventDate "2017.12.16"]
[EventType "swiss (rapid)"]
[EventRounds "11"]
[EventCountry "POL"]
[SourceTitle "CBM 182 Extra"]
[Source "ChessBase"]
[SourceDate "2018.02.23"]
[SourceVersion "1"]
[SourceVersionDate "2018.02.23"]
[SourceQuality "1"]

1. c4 e5 2. Nc3 Bb4 3. g3 Bxc3 4. dxc3 Ne7 5. Bg2 0-0 6. Nf3 Nbc6 7. 0-0 d6 8. e4 Be6 9. b3 Qd7 10. Ng5 Bg4 11. f3 Bh5 12. Qe1 h6 13. Nh3 f5 14. exf5 Qxf5 15. g4 Bxg4 16. fxg4 Qxg4 17. Qg3 Qxg3 18. hxg3 Rxf1+ 19. Kxf1 Rf8+ 20. Kg1 Rf6 21. Bd2 Rg6 22. Kh2 Nf5 23. Bd5+ Kh8 24. Rf1 Rf6 25. Rf2 Nd8 26. Be4 Ne7 27. Rxf6 gxf6 28. Bxh6 c6 29. Bf8 1-0

[Event "LAT-chT"]
[Site "Riga"]
[Date "2017.11.17"]
[Round "1.4"]
[White "Rogule, Laura"]
[Black "Polyakov, Fedor"]
[Result "1-0"]
[WhiteElo "2354"]
[BlackElo "2100"]
[PlyCount "81"]
[EventDate "2017.11.17"]
[EventType "team-swiss"]
[EventRounds "7"]
[EventCountry "LAT"]
[SourceTitle "CBM 181 Extra"]
[Source "ChessBase"]
[SourceDate "2017.12.12"]
[SourceVersion "1"]
[SourceVersionDate "2017.12.12"]
[SourceQuality "1"]
[WhiteTeam "Riga Technical Univ"]
[BlackTeam "Rigas Saha School M"]
[WhiteTeamCountry "LAT"]
[BlackTeamCountry "LAT"]

1. c4 e5 2. Nc3 Bb4 3. Nd5 a5 4. Nxb4 axb4 5. d4 e4 6. Qb3 Qe7 7. Qg3 Qf6 8. Qxc7 Na6 9. Qf4 Qxd4 10. e3 Qf6 11. Qxe4+ Ne7 12. Qd4 Qg6 13. b3 0-0 14. Bb2 d6 15. Ne2 Nc6 16. Qd2 Re8 17. Nf4 Qh6 18. Be2 Nc5 19. f3 Ne6 20. Nd5 Qh4+ 21. g3 Qh3 22. Bf1 Qf5 23. Bg2 Ra5 24. 0-0 b5 25. e4 Qh5 26. cxb5 Rxb5 27. Rac1 Bb7 28. Rc2 Rc5 29. Rfc1 Ng5 30. Rxc5 dxc5 31. g4 Qh6 32. Kh1 Ra8 33. Rxc5 Rxa2 34. Nxb4 Rxb2 35. Qxb2 Nxb4 36. Qd2 Ne6 37. Qxh6 gxh6 38. Rb5 Nd3 39. Rxb7 Nef4 40. b4 Ne2 41. Bf1 1-0

[Event "Pardubice Czech op-A 28th"]
[Site "Pardubice"]
[Date "2017.07.29"]
[Round "9"]
[White "Polyakov, Fedor"]
[Black "Jurek, Josef"]
[Result "0-1"]
[WhiteElo "2120"]
[BlackElo "2263"]
[PlyCount "104"]
[EventDate "2017.07.21"]
[EventType "swiss"]
[EventRounds "9"]
[EventCountry "CZE"]
[SourceTitle "CBM 179 Extra"]
[Source "ChessBase"]
[SourceDate "2017.08.23"]
[SourceVersion "1"]
[SourceVersionDate "2017.08.23"]
[SourceQuality "1"]

1. d4 Nf6 2. c4 e6 3. Nf3 b6 4. Nc3 Bb4 5. Qc2 Bb7 6. Bg5 h6 7. Bxf6 Qxf6 8. 0-0-0 Bxc3 9. Qxc3 c5 10. Qd3 Bxf3 11. Qxf3 Qxf3 12. gxf3 cxd4 13. Rxd4 Nc6 14. Rd2 Ke7 15. f4 Rhc8 16. Bg2 a6 17. Kb1 Ra7 18. b3 Na5 19. Rhd1 b5 20. cxb5 axb5 21. Rd6 Nc6 22. Bxc6 Rxc6 23. Rxc6 dxc6 24. Rc1 Kd6 25. e4 f6 26. Rd1+ Kc7 27. e5 fxe5 28. fxe5 Kb6 29. Rd6 Rf7 30. Rxe6 Rxf2 31. Rg6 Rxh2 32. Rxg7 Kc5 33. Rd7 h5 34. e6 Kb4 35. Rd4+ Kc3 36. Rd1 Rb2+ 37. Ka1 Re2 38. Rc1+ Kb4 39. Rxc6 h4 40. e7 Rxe7 41. Rh6 Re1+ 42. Kb2 Re2+ 43. Kb1 Rh2 44. Rh5 h3 45. a4 Kxb3 46. Rxb5+ Kxa4 47. Rh5 Kb3 48. Kc1 Rh1+ 49. Kd2 h2 50. Rh3+ Kc4 51. Rh4+ Kd5 52. Rh5+ Ke6 0-1